[Event "N1 Reykjavik Open 2014"]
[Site "Reykjavik, Iceland"]
[Date "2014.03.04"]
[Round "1.62"]
[White "Sjol, Henrik"]
[Black "Hauge, Lars Oskar"]
[Result "0-1"]
[WhiteElo "1853"]
[BlackElo "2308"]
[EventDate "2014.03.04"]
[PlyCount "0"]

1.d4 Nf6 2.Nf3 e6 3.c4 b6 4.g3 Ba6 5.b3 Bb7 6.Bg2 Bb4+ 7.Bd2 a5 8.Nc3 O-O 
9.O-O d6 10.a3 Bxc3 11.Bxc3 Nbd7 12.Nd2 Bxg2 13.Kxg2 e5 14.Qc2 Re8 15.dxe5
dxe5 16.Rfd1 Qc8 17.Nf1 Nc5 18.b4 Nce4 19.Ne3 Qb7 20.f3 Nd6 21.Bb2 Qc6 22.
b5 Qc5 23.Qc3 e4 24.f4 Nf5 25.Nxf5 Qxf5 26.Rd5 Qg4 27.Rg5 Qxe2+ 28.Kg1 Re6
29.Re1 Qd3 30.Re5 Rxe5 31.fxe5 Nd7 32.Re3 Qxc3 33.Bxc3 Re8 34.Rxe4 f6 35.
Rd4 Nxe5 36.c5 Nf3+ 37.Kf2 Nxd4 38.Bxd4 bxc5 39.Bxc5 Re5 0-1

[Event "N1 Reykjavik Open 2014"]
[Site "Reykjavik, Iceland"]
[Date "2014.03.04"]
[Round "1.64"]
[White "Stefansson, Vignir Vatnar"]
[Black "Ekeberg, Carl Fredrik"]
[Result "0-1"]
[WhiteElo "1844"]
[BlackElo "2303"]
[EventDate "2014.03.04"]
[PlyCount "0"]

1.d4 Nf6 2.c4 e6 3.Nf3 b6 4.g3 Ba6 5.Qc2 c6 6.Bg2 d5 7.Nbd2 Nbd7 8.O-O Be7
9.b3 c5 10.e4 O-O 11.e5 Ne8 12.Re1 Rc8 13.Bb2 Bb7 14.dxc5 Nxc5 15.Nd4 dxc4
16.Nxc4 Bxg2 17.Kxg2 Nc7 18.Rad1 Nd5 19.Qb1 a6 20.Ne3 Nxe3+ 21.Rxe3 Qd5+ 
22.Kg1 Qb7 23.Rc1 Rfd8 24.h4 Rd7 25.Qc2 a5 26.a3 Re8 27.Qe2 Bf8 28.Kh2 
Red8 29.Rd1 b5 30.f4 b4 31.a4 Rd5 32.Rd2 R8d7 33.g4 Qa8 34.Qd1 Rd8 35.Kh3 
R5d7 36.Qe1 Rd5 37.f5 Qc8 38.Qf2 Qc7 39.Qf4 Qb6 40.Rf3 exf5 41.Qxf5 R8d7 
42.Rdf2 g6 43.Qf4 Bg7 44.Re3 Ne6 45.Nxe6 Qxe6 46.Qc4 h5 47.Rg2 Rd8 48.Kh2 
hxg4 49.Qf4 Rd3 50.Qg3 Qxb3 51.Rxd3 Rxd3 52.Qxg4 Qd5 53.h5 Bxe5+ 54.Bxe5 
Qxe5+ 55.Kh1 Rd4 56.Qc8+ Kg7 57.Rxg6+ fxg6 58.h6+ Kxh6 0-1

[Event "N1 Reykjavik Open 2014"]
[Site "Reykjavik, Iceland"]
[Date "2014.03.04"]
[Round "1.66"]
[White "Johansen, Arnt-Ole"]
[Black "Khademalsharieh, Sarasadat"]
[Result "0-1"]
[WhiteElo "1829"]
[BlackElo "2294"]
[EventDate "2014.03.04"]
[PlyCount "0"]

1.d4 Nf6 2.c4 e6 3.Nc3 Bb4 4.Qc2 O-O 5.a3 Bxc3+ 6.Qxc3 b6 7.Nf3 Bb7 8.Bg5 
d6 9.O-O-O Ne4 10.Bxd8 Nxc3 11.bxc3 Rxd8 12.e3 Nc6 13.Nd2 Na5 14.Kb2 c5 
15.Rc1 Rac8 16.Nb3 Rc7 17.f3 Ba6 18.Nxa5 bxa5 19.Kb3 Rb8+ 20.Ka4 Rb2 21.
Rg1 d5 22.cxd5 c4 23.Kxa5 Bc8 24.d6 Rc6 25.Bxc4 Rxc4 26.Rb1 Rxb1 27.Rxb1 
Kf8 28.Rb3 Rc6 29.Rb8 Ke8 30.Kb4 Kd7 31.c4 Kxd6 32.Rb5 Ba6 33.c5+ Kc7 34.
Ra5 Kb7 35.e4 Bf1 36.d5 exd5 37.exd5 Rf6 38.c6+ Kb6 39.g3 Rxf3 40.Rc5 Rb3+
0-1

[Event "N1 Reykjavik Open 2014"]
[Site "Reykjavik, Iceland"]
[Date "2014.03.04"]
[Round "1.67"]
[White "Kristinsson, Jon"]
[Black "Kristinardottir, Elsa Maria"]
[Result "1/2-1/2"]
[WhiteElo "2290"]
[BlackElo "1822"]
[EventDate "2014.03.04"]
[PlyCount "0"]

1.d4 d5 2.c4 e5 3.dxe5 d4 4.Nf3 Nc6 5.g3 Nge7 6.Nbd2 Ng6 7.Nb3 Ngxe5 8.
Nfxd4 Nxd4 9.Nxd4 Bb4+ 10.Bd2 Qxd4 11.Bxb4 Qe4 12.Qd5 Nd3+ 13.Qxd3 Qxh1 
14.O-O-O Be6 15.Qd4 Qc6 16.b3 f6 17.Bg2 Qxg2 18.Qc5 Kf7 19.Qe7+ Kg6 20.
Qxe6 Rad8 21.Qg4+ Kf7 22.Rd7+ Rxd7 23.Qxd7+ Kg6 24.Qg4+ Kf7 25.Qd7+ 
1/2-1/2

[Event "N1 Reykjavik Open 2014"]
[Site "Reykjavik, Iceland"]
[Date "2014.03.04"]
[Round "1.68"]
[White "Opasiak, Dustin Tennessee"]
[Black "Vaarala, Eric"]
[Result "0-1"]
[WhiteElo "1812"]
[BlackElo "2285"]
[EventDate "2014.03.04"]
[PlyCount "0"]

1.e4 e6 2.d4 d5 3.Nc3 Bb4 4.e5 c5 5.a3 Bxc3+ 6.bxc3 Ne7 7.Qg4 O-O 8.h4 Kh8
9.Nf3 f5 10.Qg3 Nbc6 11.h5 Qa5 12.Bd2 Qa4 13.h6 g6 14.Bg5 Qxc2 15.Rc1 Qb2 
16.Be2 cxd4 17.cxd4 f4 18.Bxf4 Nf5 19.Qg5 Bd7 20.Bd3 Qxa3 21.Bb1 Rf7 22.
Rh3 Qa6 23.Qg4 Nfxd4 24.Nxd4 Nxd4 25.Bd3 Qa4 26.Rc7 Raf8 27.g3 g5 0-1

[Event "N1 Reykjavik Open 2014"]
[Site "Reykjavik, Iceland"]
[Date "2014.03.04"]
[Round "1.71"]
[White "Prosviriakov, Vladimir"]
[Black "Jonsson, Pall G"]
[Result "1-0"]
[WhiteElo "2269"]
[BlackElo "1802"]
[EventDate "2014.03.04"]
[PlyCount "0"]

1.d4 g6 2.e4 Bg7 3.c3 d6 4.Bd3 Nf6 5.f4 O-O 6.Nf3 Bg4 7.h3 Bxf3 8.Qxf3 c6 
9.Nd2 Nbd7 10.e5 dxe5 11.fxe5 Nd5 12.O-O f5 13.Nc4 b5 14.Ne3 N7b6 15.Nxd5 
Nxd5 16.a4 a6 17.Bg5 Qb6 18.Kh1 e6 19.Qe2 Rab8 20.Rfe1 Rb7 21.Bd2 Qd8 22.
axb5 axb5 23.Ra6 Qd7 24.Rea1 Nc7 25.R6a5 Rd8 26.Bg5 Rdb8 27.Qf3 h6 28.Bh4 
Nd5 29.Ra8 Kh7 30.Rxb8 Rxb8 31.Be1 Bf8 32.Bd2 Bg7 33.b3 Rd8 34.g4 Ne7 35.
gxf5 gxf5 36.Rg1 Bxe5 37.Bxh6 Rg8 38.Rxg8 Nxg8 39.Bc1 Bf6 40.Bf4 b4 41.
cxb4 Qxd4 42.Bc4 Qd7 43.Qe2 e5 44.Bxe5 Bd8 45.Qh5+ Nh6 46.Bf4 Qg7 47.Qd1 
Bb6 48.Qf1 Qd4 49.Kh2 Ng8 50.Bg3 Ne7 51.Kg2 Kg6 52.Qf2 Qe4+ 53.Qf3 Nd5 54.
Qxe4 fxe4 55.Bxd5 cxd5 56.Bd6 d4 57.Bc5 d3 58.Kf2 Bc7 59.Be3 Kf5 60.b5 Bf4
61.Bxf4 Kxf4 62.b6 e3+ 63.Ke1 Kf3 64.b7 d2+ 65.Kd1 Kf2 66.b8=Q e2+ 67.Kxd2
e1=Q+ 68.Kd3 Qe3+ 69.Kc4 Qxh3 70.Qf4+ Kg1 71.b4 Qc8+ 72.Kb3 Qg8+ 73.Qc4 
Qg3+ 74.Ka4 Qb8 75.Qc5+ Kh1 76.Qc6+ Kg1 77.b5 Qa7+ 78.Kb4 Qd4+ 79.Ka5 Qd2+
80.Kb6 Qd8+ 81.Ka6 Qd3 82.Ka7 Qa3+ 83.Kb7 Qe7+ 84.Kb6 Qa3 85.Qc5+ 1-0

[Event "N1 Reykjavik Open 2014"]
[Site "Reykjavik, Iceland"]
[Date "2014.03.04"]
[Round "1.77"]
[White "Kernazhitsky, Leonid"]
[Black "Sigurdsson, Birkir Karl"]
[Result "1-0"]
[WhiteElo "2249"]
[BlackElo "1738"]
[EventDate "2014.03.04"]
[PlyCount "0"]

1.e4 e6 2.d4 d5 3.e5 c5 4.c3 Nc6 5.Be3 cxd4 6.cxd4 Qb6 7.Qd2 Nge7 8.Nf3 
Bd7 9.Nc3 Nf5 10.g4 Nxe3 11.fxe3 Be7 12.Bd3 h6 13.h4 a6 14.Kf2 Qc7 15.Rac1
b5 16.Ne2 Rc8 17.Nf4 Qa5 18.Nh5 Qxd2+ 19.Nxd2 O-O 20.Nb3 Nb4 21.Bb1 Rxc1 
22.Nxc1 Rc8 23.Ne2 g5 24.hxg5 Bxg5 25.Nf6+ Bxf6 26.exf6 e5 27.dxe5 Nc6 28.
Rxh6 Nxe5 29.Bh7+ Kh8 30.Bf5+ Kg8 31.Bxd7 Nxd7 32.Nd4 Ne5 33.Kg3 Rc4 34.
Rh5 Nd7 35.g5 Ne5 36.b3 Rc3 37.Nf5 Ng6 38.Rh2 d4 39.Rd2 Rc5 40.Ne7+ Nxe7 
41.fxe7 Re5 42.exd4 Rxe7 43.d5 Kg7 44.d6 Rd7 45.Kf4 Kg6 46.Rh2 a5 47.Rh6+ 
Kg7 48.Ke5 b4 49.Kd5 a4 50.bxa4 Ra7 51.Kc6 1-0

[Event "N1 Reykjavik Open 2014"]
[Site "Reykjavik, Iceland"]
[Date "2014.03.04"]
[Round "1.78"]
[White "Thorarensen, Adalsteinn"]
[Black "Langer, Michael"]
[Result "0-1"]
[WhiteElo "1737"]
[BlackElo "2248"]
[EventDate "2014.03.04"]
[PlyCount "0"]

1.d4 Nf6 2.Nf3 e6 3.e3 c5 4.c3 d5 5.Bd3 Nc6 6.O-O Bd6 7.Re1 O-O 8.b3 e5 9.
dxe5 Nxe5 10.Be2 Ne4 11.Nfd2 Nxf2 12.Kxf2 Qh4+ 13.Kf1 Qxh2 14.Bf3 Nd3 15.
Bxd5 Nxe1 16.Kxe1 Bg3+ 17.Ke2 Bg4+ 18.Nf3 Qxg2+ 19.Kd3 Rfd8 20.Kc4 Rxd5 
21.Qxd5 Bxf3 22.Qxc5 Qf1+ 0-1

[Event "N1 Reykjavik Open 2014"]
[Site "Reykjavik, Iceland"]
[Date "2014.03.04"]
[Round "1.79"]
[White "Hoffmann, Hendrik"]
[Black "Kolka, Dawid"]
[Result "1-0"]
[WhiteElo "2244"]
[BlackElo "1736"]
[EventDate "2014.03.04"]
[PlyCount "0"]

1.e4 c6 2.d4 d5 3.Nc3 dxe4 4.Nxe4 Bf5 5.Ng3 Bg6 6.Nf3 Nd7 7.h4 h6 8.h5 Bh7
9.Bd3 Bxd3 10.Qxd3 e6 11.Bf4 Ngf6 12.O-O-O Be7 13.Ne4 Nxe4 14.Qxe4 Nf6 15.
Qe2 Qa5 16.Kb1 O-O-O 17.Ne5 Rhf8 18.Nxf7 Rxf7 19.Qxe6+ Rd7 20.Qxf7 Bd6 21.
Bd2 Qf5 22.Qg6 Qxf2 23.Rhe1 Qh4 24.a3 Qxh5 25.Qxh5 Nxh5 26.Re8+ Kc7 27.c4 
b6 28.Re6 Bf4 29.g4 Bxd2 30.gxh5 Bg5 31.d5 c5 32.Rf1 Bf6 33.a4 Kb7 34.a5 
Rd8 35.Kc2 Rc8 36.Ra1 Rd8 37.Ra3 Rd7 38.a6+ Kc7 39.Rc6+ Kd8 40.Rxb6 axb6 
41.a7 1-0

[Event "N1 Reykjavik Open 2014"]
[Site "Reykjavik, Iceland"]
[Date "2014.03.04"]
[Round "1.82"]
[White "Ontiveros, John"]
[Black "Stigar, Petter"]
[Result "1/2-1/2"]
[WhiteElo "1710"]
[BlackElo "2237"]
[EventDate "2014.03.04"]
[PlyCount "0"]

1.d4 Nf6 2.c4 e6 3.Nf3 Bb4+ 4.Bd2 Qe7 5.a3 Bxd2+ 6.Nbxd2 d5 7.e3 O-O 8.Bd3
Rd8 9.Ne5 c5 10.cxd5 cxd4 11.exd4 Nxd5 12.Qc2 h6 13.Bh7+ Kf8 14.Bg6 Nc6 
15.Nxf7 Nxd4 1/2-1/2

[Event "N1 Reykjavik Open 2014"]
[Site "Reykjavik, Iceland"]
[Date "2014.03.04"]
[Round "1.84"]
[White "Morkedal, Oyvind"]
[Black "Edvardsson, Kristjan"]
[Result "1/2-1/2"]
[WhiteElo "1704"]
[BlackElo "2233"]
[EventDate "2014.03.04"]
[PlyCount "0"]

1.e4 d6 2.d4 Nf6 3.Nc3 g6 4.Nf3 Bg7 5.Be2 O-O 6.O-O b6 7.Re1 Bb7 8.e5 Ne8 
9.Bc4 e6 10.Bg5 Qd7 11.Bd3 d5 12.Qd2 c5 13.Bh6 Nc6 14.Bb5 a6 15.Bxc6 Qxc6 
16.Ne2 a5 17.c3 a4 18.h3 Ba6 19.Nh2 f5 20.Bxg7 Kxg7 21.Nf3 h6 22.Rac1 Kh7 
23.b4 a3 24.bxc5 bxc5 25.Rb1 Ng7 26.Nf4 Rfc8 27.dxc5 g5 28.Nd4 Qe8 29.Nd3 
Qg6 30.c6 f4 31.Nb4 Bc4 32.Qc2 Ra5 33.Qxg6+ Kxg6 34.Nb3 Ra7 35.Nd4 Kf7 36.
g3 fxg3 37.fxg3 Ne8 38.Re3 Nc7 39.Rf3+ Kg7 40.Rf2 Re8 41.Rf6 Ra5 42.Rc1 
Re7 43.Rc2 Rc5 44.Rcf2 Bb5 45.R2f3 Ba4 46.Nbc2 Bxc2 47.Nxc2 Rxc6 48.Nd4 
Rc4 49.Kf2 Rc5 50.Ke2 Rc4 51.Kd3 Rc5 52.Rf1 Nb5 53.Nxe6+ Rxe6 54.Rxe6 
Rxc3+ 55.Kd2 Rxg3 56.Rff6 Rg2+ 57.Ke1 Nd4 58.Re7+ Kg8 59.Ra6 Nc2+ 60.Kd1 
Ne3+ 61.Kc1 Rc2+ 62.Kb1 Rb2+ 63.Kc1 Rc2+ 64.Kb1 Rb2+ 1/2-1/2

[Event "N1 Reykjavik Open 2014"]
[Site "Reykjavik, Iceland"]
[Date "2014.03.04"]
[Round "1.85"]
[White "Barthel, Ansgar"]
[Black "Pajeken, Jakob Leon"]
[Result "0-1"]
[WhiteElo "2229"]
[BlackElo "1703"]
[EventDate "2014.03.04"]
[PlyCount "0"]

1.e4 e5 2.Nf3 Nc6 3.Bc4 Bc5 4.b4 Bxb4 5.c3 Be7 6.d4 Na5 7.Nxe5 Nxc4 8.Nxc4
d5 9.exd5 Qxd5 10.Ne3 Qd6 11.O-O Nf6 12.Re1 O-O 13.c4 Qa6 14.Nc3 c6 15.Bb2
Rd8 16.Qe2 Be6 17.f4 Bd6 18.f5 Bd7 19.Qf3 Re8 20.c5 Bf8 21.g4 Nd5 22.Nexd5
cxd5 23.Qf1 Qxf1+ 24.Kxf1 Bc6 25.Bc1 Rxe1+ 26.Kxe1 Re8+ 27.Kf2 Be7 28.Be3 
g6 29.Kf3 Bxc5 30.Rb1 Bb6 31.f6 Re6 32.g5 Ba5 33.Nb5 Bb6 34.Nc3 h6 35.h4 
h5 36.Bf2 Kf8 37.Rd1 Ba5 38.Rc1 Ke8 39.Bg3 Kd7 40.Bf4 Bxc3 41.Rxc3 Re4 42.
Re3 Ke6 43.Rxe4+ dxe4+ 44.Ke3 Kd5 45.Bb8 a6 46.Ba7 Kc4 47.Bb6 Bd5 48.a4 a5
49.Bxa5 Kb3 50.Bc7 Kxa4 51.Kd2 Kb4 52.Bb6 Kb5 53.Ba7 b6 54.Kc3 Ka5 55.Bb8 
b5 56.Bd6 Bc4 57.Bf4 Bd5 58.Bd6 Be6 59.Bc5 Bc4 60.Bd6 e3 61.Bf4 e2 62.Bd2 
Kb6 63.Be1 Kc6 64.Kb4 Kd5 65.Kc3 Ke4 66.Bd2 Kf3 67.Be1 Kg2 68.Kd2 Kf1 69.
Bg3 b4 0-1

[Event "N1 Reykjavik Open 2014"]
[Site "Reykjavik, Iceland"]
[Date "2014.03.04"]
[Round "1.90"]
[White "Steingrimsson, Karl Egill"]
[Black "Gueler, Sebastian"]
[Result "1/2-1/2"]
[WhiteElo "1663"]
[BlackElo "2208"]
[EventDate "2014.03.04"]
[PlyCount "0"]

1.e4 e6 2.Nf3 d5 3.exd5 exd5 4.d4 Nc6 5.Nc3 Bb4 6.Be3 Bg4 7.h3 Bh5 8.Be2 
Nge7 9.O-O Qd7 10.a3 Ba5 11.b4 Bb6 12.Qd2 O-O 13.b5 Bxf3 14.Bxf3 Na5 15.
Qd3 c6 16.a4 Nc4 17.Ne2 cxb5 18.axb5 Qxb5 19.Rfb1 Qc6 20.Bg5 f6 21.Bh4 Bc7
22.c3 a6 23.Bg3 Bxg3 24.Nxg3 Nd6 25.Ra5 f5 26.Rc5 Qd7 27.Bxd5+ Nxd5 28.
Rxd5 b5 29.Qf3 Qc6 30.Rxf5 1/2-1/2

[Event "N1 Reykjavik Open 2014"]
[Site "Reykjavik, Iceland"]
[Date "2014.03.04"]
[Round "1.92"]
[White "Nordquelle, Daniel"]
[Black "Thorsteinsson, Arnar"]
[Result "1/2-1/2"]
[WhiteElo "1654"]
[BlackElo "2205"]
[EventDate "2014.03.04"]
[PlyCount "0"]

1.e4 c5 2.c3 d6 3.d4 Nd7 4.Nf3 g6 5.Bc4 e6 6.Bg5 Qb6 7.Qe2 Bg7 8.e5 d5 9.
Bb3 h6 10.Be3 Ne7 11.Na3 a6 12.O-O O-O 13.c4 Qc6 14.dxc5 Nxc5 15.cxd5 exd5
16.Bxc5 Qxc5 17.Rac1 Qa5 18.Rfd1 Bg4 19.Nb1 Rac8 20.Rxc8 Rxc8 21.Nc3 Rd8 
22.h3 Be6 23.Qe3 Nf5 24.Qa7 Rd7 25.g4 Ne7 26.Qe3 d4 27.Rxd4 Rxd4 28.Nxd4 
Bxb3 29.Nxb3 Qxe5 30.Qxe5 Bxe5 31.Nc5 Bxc3 32.bxc3 Nd5 33.Nxb7 Nxc3 34.Nc5
Nxa2 1/2-1/2

[Event "N1 Reykjavik Open 2014"]
[Site "Reykjavik, Iceland"]
[Date "2014.03.04"]
[Round "1.99"]
[White "Derraugh, Geordie"]
[Black "Magnusdottir, Veronika Steinun"]
[Result "1-0"]
[WhiteElo "2173"]
[BlackElo "1595"]
[EventDate "2014.03.04"]
[PlyCount "0"]

1.e4 c5 2.Nf3 d6 3.d4 cxd4 4.Nxd4 Nf6 5.Nc3 Nc6 6.Be2 Qb6 7.Nb3 g6 8.Be3 
Qc7 9.Nd5 Nxd5 10.exd5 Ne5 11.Bd4 f6 12.O-O Bh6 13.Bb5+ Bd7 14.Bxd7+ Qxd7 
15.f4 Nf7 16.Qe2 O-O 17.c4 b6 18.Bc3 Nd8 19.Nd4 Re8 20.f5 Rc8 21.Qd3 gxf5 
22.Nxf5 Nf7 23.Qh3 Bg5 24.Nh6+ 1-0

[Event "N1 Reykjavik Open 2014"]
[Site "Reykjavik, Iceland"]
[Date "2014.03.04"]
[Round "1.101"]
[White "Bjornsson, Bjorn Freyr"]
[Black "Steinthorsson, Felix"]
[Result "1-0"]
[WhiteElo "2158"]
[BlackElo "1530"]
[EventDate "2014.03.04"]
[PlyCount "0"]

1.e4 e6 2.d4 d5 3.Nd2 Nf6 4.e5 Nfd7 5.Bd3 c5 6.c3 b6 7.Ne2 Ba6 8.Nf3 Be7 
9.O-O O-O 10.Bxa6 Nxa6 11.Qd3 Nc7 12.b3 a6 13.c4 dxc4 14.bxc4 cxd4 15.Qxd4
Nc5 16.Be3 Qxd4 17.Nexd4 Na4 18.Nc6 Rfe8 19.Rfd1 Rac8 20.Rd7 Kf8 21.Na7 
Red8 22.Nxc8 Rxd7 23.Nxb6 Nxb6 24.Bxb6 Ne8 25.Kf1 h6 26.c5 Rb7 27.a4 Nc7 
28.a5 Nb5 29.Rc1 Rb8 30.Ke2 Ke8 31.c6 Rc8 32.Kd3 Bf8 33.Nd2 Be7 34.Nf3 Bd8
35.Nd4 Nc7 36.Kc4 Be7 37.Bxc7 Rxc7 38.Rb1 Bd8 39.Rb8 Ke7 40.Kc5 g6 41.Ra8 
1-0

[Event "N1 Reykjavik Open 2014"]
[Site "Reykjavik, Iceland"]
[Date "2014.03.04"]
[Round "1.105"]
[White "Chernukhin, Alexander"]
[Black "Birkisson, Bardur Orn"]
[Result "1-0"]
[WhiteElo "2135"]
[BlackElo "1475"]
[EventDate "2014.03.04"]
[PlyCount "0"]

1.c4 e5 2.Nc3 Nf6 3.g3 Bc5 4.Bg2 Nc6 5.a3 d6 6.e3 Be6 7.d3 Rb8 8.b4 Bb6 9.
Nge2 O-O 10.Na4 Qd7 11.O-O Ne7 12.Bb2 Bh3 13.Rc1 Ng6 14.d4 exd4 15.exd4 c6
16.Nxb6 axb6 17.d5 Bxg2 18.Kxg2 Ne8 19.h4 Nc7 20.h5 Ne5 21.Nf4 Rfe8 22.Re1
f6 23.Bd4 c5 24.Bb2 Ra8 25.b5 Ng4 26.Ne6 Ne5 27.f4 Nxe6 28.dxe6 Rxe6 29.
fxe5 fxe5 30.Rxe5 Rxe5 31.Bxe5 Rxa3 32.Qd5+ Qf7 33.Qxf7+ Kxf7 34.Bxd6 Re3 
35.Bf4 Re7 36.Kf3 g6 37.hxg6+ hxg6 38.Rd1 1-0

[Event "N1 Reykjavik Open 2014"]
[Site "Reykjavik, Iceland"]
[Date "2014.03.04"]
[Round "1.107"]
[White "Bjornsson, Sverrir Orn"]
[Black "Kravchuk, Mykhaylo"]
[Result "1-0"]
[WhiteElo "2126"]
[BlackElo "1470"]
[EventDate "2014.03.04"]
[PlyCount "0"]

1.d4 Nf6 2.c4 g6 3.Nc3 Bg7 4.e4 d6 5.h3 O-O 6.Nf3 b6 7.Bg5 c5 8.d5 Nbd7 9.
Bd3 Bb7 10.O-O a6 11.a3 Qc7 12.Re1 Rad8 13.Qc2 Rfe8 14.Rab1 Ne5 15.Nxe5 
dxe5 16.b4 Nd7 17.Na4 f6 18.Be3 e6 19.bxc5 bxc5 20.Rb2 Bf8 21.Reb1 Rb8 22.
Nc3 Bd6 23.dxe6 Rxe6 24.Nd5 Qc6 25.Nb6 f5 26.f3 f4 27.Bd2 Nf6 28.Nd5 Nd7 
29.Rb3 Ba8 30.Ba5 Ree8 31.Rxb8 Rxb8 32.Bc7 Rxb1+ 33.Qxb1 Kf7 34.Bd8 Qb7 
35.Nc3 Be7 36.Qxb7 Bxb7 37.Bc7 Bc6 38.Bc2 Bh4 39.Kf1 Be7 40.Ba4 Bxa4 41.
Nxa4 Ke6 42.Ke2 Bd6 43.Bb6 Nxb6 44.Nxb6 Bc7 45.Nd5 Bd8 46.Kd3 Kd6 47.Kc2 
a5 48.Kb3 h5 49.Ka4 Kc6 50.Nc3 Bb6 51.Ne2 Bd8 52.Nc1 Bh4 53.Nd3 Bd8 54.
Nxe5+ Kb6 55.Nxg6 1-0

[Event "N1 Reykjavik Open 2014"]
[Site "Reykjavik, Iceland"]
[Date "2014.03.04"]
[Round "1.109"]
[White "Sigeman, Johan"]
[Black "Palsdottir, Soley Lind"]
[Result "1-0"]
[WhiteElo "2123"]
[BlackElo "1450"]
[EventDate "2014.03.04"]
[PlyCount "0"]

1.c4 c5 2.Nc3 g6 3.g3 Bg7 4.Bg2 e6 5.Nf3 Nc6 6.O-O Nge7 7.e3 O-O 8.d4 cxd4
9.Nxd4 Nxd4 10.exd4 d5 11.cxd5 Nxd5 12.Qb3 Nb6 13.Be3 Qe7 14.a4 Rb8 15.a5 
Nd7 16.Rfe1 Nf6 17.Bf4 Bd7 18.Bxb8 Rxb8 19.Rad1 Qd8 20.Ra1 Qc7 21.Nb5 Bxb5
22.Qxb5 a6 23.Qb4 Nd5 24.Bxd5 exd5 25.Rac1 Qd8 26.Rc2 b5 27.axb6 Rxb6 28.
Qa4 Rb8 29.Rce2 Qd6 30.Re8+ Rxe8 31.Rxe8+ Bf8 32.Qa3 Qxa3 33.bxa3 Kg7 34.
a4 Bb4 35.Rd8 a5 36.Rxd5 Kf6 37.Kf1 Ke6 38.Rb5 h5 39.Ke2 Kd6 40.Kd3 Be1 
41.Rb1 Bb4 42.Kc4 Bd2 43.Rb6+ Kd7 44.Kd5 Bg5 45.Rb7+ Ke8 46.Kd6 Bf6 47.
Rb8+ Bd8 48.h4 f6 49.f4 f5 50.Ke6 1-0

[Event "N1 Reykjavik Open 2014"]
[Site "Reykjavik, Iceland"]
[Date "2014.03.04"]
[Round "1.114"]
[White "Bragason, Gudmundur Agnar"]
[Black "Ragnarsson, Dagur"]
[Result "0-1"]
[WhiteElo "1349"]
[BlackElo "2105"]
[EventDate "2014.03.04"]
[PlyCount "0"]

1.d4 d5 2.c4 e6 3.Nc3 c5 4.e3 Nf6 5.Nf3 a6 6.b3 Nc6 7.Be2 cxd4 8.Nxd4 Bb4 
9.Bb2 Qa5 10.Qc2 Ne4 11.Rc1 Qxa2 12.Nxc6 Bxc3+ 13.Bxc3 Qxc2 14.Rxc2 Nxc3 
15.Rxc3 bxc6 16.O-O Bd7 17.Ra1 Ke7 18.g3 a5 19.cxd5 exd5 20.Rc5 Rhb8 21.
Raxa5 Rxa5 22.Rxa5 Rxb3 23.Ra7 Kd6 24.Kg2 c5 25.Bf3 c4 26.Bxd5 Bh3+ 27.
Kxh3 Kxd5 28.Rxf7 c3 29.Rxg7 Rb5 30.Rd7+ Ke4 31.Rc7 Kd3 32.Rxc3+ Kxc3 33.
Kg4 Kd3 34.h4 Ke4 35.f4 h5+ 36.Kh3 Kxe3 37.Kg2 Ke2 38.f5 Rxf5 39.g4 hxg4 
40.Kg3 Ke3 41.Kxg4 Ke4 42.h5 Rf1 43.Kg5 Ke5 44.Kg6 Ke6 45.Kg7 Rg1+ 46.Kh7 
Kf7 47.Kh6 Rh1 48.Kg5 Kg7 0-1

[Event "N1 Reykjavik Open 2014"]
[Site "Reykjavik, Iceland"]
[Date "2014.03.04"]
[Round "1.116"]
[White "Magnusson, Thorsteinn"]
[Black "Petursson, Gudni"]
[Result "0-1"]
[WhiteElo "1234"]
[BlackElo "2104"]
[EventDate "2014.03.04"]
[PlyCount "0"]

1.c4 Nf6 2.g3 g6 3.Bg2 Bg7 4.Nf3 O-O 5.Nc3 c5 6.O-O Nc6 7.a3 a5 8.Nb5 e5 
9.Ne1 d6 10.Nc2 Be6 11.Ne3 a4 12.Nc3 Qa5 13.Ned5 Bxd5 14.Nxd5 Nxd5 15.cxd5
Nd4 16.d3 Nb3 17.Rb1 f5 18.Bg5 Rae8 19.e4 f4 20.Bh3 h6 21.Bd7 hxg5 22.Bxe8
Rxe8 23.Re1 Qd8 24.Qc2 Qd7 25.Qe2 Nd4 26.Qf1 Nf3+ 27.Kg2 Nxe1+ 28.Qxe1 g4 
29.Qd2 Bh6 30.Qa5 fxg3 31.hxg3 Rf8 32.b3 Qf7 33.Qe1 Qf3+ 34.Kg1 Rf7 35.
bxa4 Bg5 36.Rb3 Rh7 0-1

[Event "N1 Reykjavik Open 2014"]
[Site "Reykjavik, Iceland"]
[Date "2014.03.04"]
[Round "1.2"]
[White "Abrahams, Daniel"]
[Black "Li, Chao b"]
[Result "1/2-1/2"]
[WhiteElo "2055"]
[BlackElo "2700"]
[EventDate "2014.03.04"]
[PlyCount "93"]

1.e4 c5 2.Nf3 Nc6 3.Nc3 d6 4.d4 cxd4 5.Nxd4 Nf6 6.Be2 e5 7.Nb3 Be7 8.Bg5 
O-O 9.Bxf6 Bxf6 10.Nd5 Bg5 11.Bg4 Be6 12.O-O Re8 13.c3 Ne7 14.Nxe7+ Qxe7 
15.Qf3 Rad8 16.Rfd1 g6 17.Bxe6 fxe6 18.Qe2 Bh4 19.g3 Bf6 20.Rd3 Qc7 21.
Rad1 Be7 22.Qg4 Qc4 23.R1d2 Kg7 24.Na5 Qc8 25.b3 b5 26.h4 h5 27.Qe2 Rd7 
28.b4 Rc7 29.Rc2 Qb8 30.a3 Rcc8 31.Rd1 Bd8 32.Nb3 Bb6 33.Qd3 d5 34.Kg2 Rc4
35.f3 dxe4 36.fxe4 Rd8 37.Qf3 Rxd1 38.Qxd1 Rxe4 39.Qd7+ Kh6 40.Nc5 Qa8 41.
Kh2 Bxc5 42.bxc5 Qf8 43.Kg2 Rc4 44.Rf2 Qxc5 45.Qd2+ Kg7 46.Qd7+ Kh6 47.
Qd2+ 1/2-1/2

[Event "N1 Reykjavik Open 2014"]
[Site "Reykjavik, Iceland"]
[Date "2014.03.04"]
[Round "1.4"]
[White "Pupols, Viktors"]
[Black "Rapport, Richard"]
[Result "0-1"]
[WhiteElo "2049"]
[BlackElo "2681"]
[EventDate "2014.03.04"]
[PlyCount "56"]

1.d4 Nf6 2.Nf3 d6 3.c4 g6 4.Nc3 Bg7 5.e4 O-O 6.Be2 Nbd7 7.O-O e5 8.Re1 c6 
9.dxe5 dxe5 10.b3 Qe7 11.Qc2 h6 12.Nd2 Rd8 13.Rb1 Nf8 14.b4 Ne6 15.c5 Nd4 
16.Qb2 a5 17.a3 axb4 18.axb4 Be6 19.Bc4 Nh5 20.Bxe6 Qxe6 21.Nf1 Nf4 22.
Bxf4 exf4 23.Qc1 Qg4 24.h3 Qh4 25.f3 Nxf3+ 26.gxf3 Bd4+ 27.Kh1 Bxc3 28.
Qxc3 Ra2 0-1

[Event "N1 Reykjavik Open 2014"]
[Site "Reykjavik, Iceland"]
[Date "2014.03.04"]
[Round "1.6"]
[White "Knutsson, Larus"]
[Black "Jones, Gawain C B"]
[Result "0-1"]
[WhiteElo "2044"]
[BlackElo "2651"]
[EventDate "2014.03.04"]
[PlyCount "56"]

1.e4 g6 2.d4 d6 3.c4 Nf6 4.Nc3 Bg7 5.f3 O-O 6.Be3 Nc6 7.Qd2 a6 8.Nge2 Rb8 
9.Bh6 b5 10.Bxg7 Kxg7 11.cxb5 axb5 12.Nf4 e5 13.dxe5 dxe5 14.Nfd5 Nd4 15.
Nxf6 Qxf6 16.Bd3 Rd8 17.O-O Be6 18.Qe3 c5 19.Rae1 c4 20.Bb1 b4 21.Ne2 c3 
22.bxc3 Nxe2+ 23.Qxe2 bxc3 24.Qe3 Rb2 25.Re2 Rxe2 26.Qxe2 Qg5 27.Qe1 Rd2 
28.Rf2 Qd8 0-1

[Event "N1 Reykjavik Open 2014"]
[Site "Reykjavik, Iceland"]
[Date "2014.03.04"]
[Round "1.8"]
[White "Andersen, Per O"]
[Black "L'ami, Erwin"]
[Result "0-1"]
[WhiteElo "2042"]
[BlackElo "2646"]
[EventDate "2014.03.04"]
[PlyCount "88"]

1.d4 Nf6 2.Nf3 g6 3.Nbd2 d5 4.b4 Bg7 5.e3 O-O 6.Bb2 Ne4 7.Nxe4 dxe4 8.Nd2 
f5 9.Be2 e5 10.dxe5 Qe7 11.c3 Nc6 12.Qb3+ Be6 13.Bc4 Rfe8 14.Bxe6+ Qxe6 
15.Qxe6+ Rxe6 16.f4 exf3 17.Nxf3 Nxe5 18.Nxe5 Rxe5 19.Rd1 Rxe3+ 20.Kf2 
Rae8 21.Rhe1 Rxe1 22.Rxe1 Rxe1 23.Kxe1 b5 24.Ke2 Kf7 25.Kd3 Ke6 26.h3 Kd5 
27.a4 a6 28.axb5 axb5 29.Bc1 c6 30.Be3 Be5 31.Bh6 Bf6 32.Bf8 h5 33.Bc5 g5 
34.Bf2 Be5 35.Be3 f4 36.Bf2 g4 37.hxg4 hxg4 38.Bg1 f3 39.gxf3 gxf3 40.Bf2 
Bc7 41.Bd4 Bg3 42.Ke3 f2 43.Ke2 Kc4 44.Bf6 Bf4 0-1

[Event "N1 Reykjavik Open 2014"]
[Site "Reykjavik, Iceland"]
[Date "2014.03.04"]
[Round "1.12"]
[White "Olafsson, Helgi"]
[Black "Sielicki, Tomasz"]
[Result "1-0"]
[WhiteElo "2546"]
[BlackElo "2019"]
[EventDate "2014.03.04"]
[PlyCount "95"]

1.c4 e5 2.Nc3 d6 3.g3 f5 4.d4 Be7 5.Bg2 Nf6 6.Nf3 e4 7.Ng5 c6 8.Nh3 Na6 9.
Bg5 O-O 10.e3 Nc7 11.Nf4 Ne6 12.Nxe6 Bxe6 13.Qe2 Qa5 14.O-O Rae8 15.Rfd1 
Qb4 16.Bf1 Bf7 17.a3 Qb3 18.Rdc1 Bh5 19.Qd2 Qb6 20.c5 Qd8 21.cxd6 Qxd6 22.
b4 h6 23.Bf4 Qd7 24.d5 Kh7 25.Qd4 Nxd5 26.Be5 Bf6 27.Bxf6 Nxf6 28.Qxa7 Ra8
29.Qc5 Rfd8 30.Ne2 Nd5 31.Nd4 Qf7 32.Bh3 f4 33.exf4 Nxf4 34.gxf4 Rf8 35.
Qf5+ Qxf5 36.Bxf5+ g6 37.Bxe4 Rxf4 38.f3 Bxf3 39.Bxf3 Rxd4 40.Rd1 Rf4 41.
Rd7+ Kh8 42.Kg2 Rxb4 43.axb4 Rxa1 44.Rxb7 Ra2+ 45.Kg3 Ra3 46.Rb6 Rb3 47.h4
Kg7 48.Kf4 1-0

[Event "N1 Reykjavik Open 2014"]
[Site "Reykjavik, Iceland"]
[Date "2014.03.04"]
[Round "1.14"]
[White "Ramirez, Alejandro"]
[Black "Van der Merwe, Cecile H"]
[Result "1-0"]
[WhiteElo "2599"]
[BlackElo "2026"]
[EventDate "2014.03.04"]
[PlyCount "47"]

1.Nf3 Nf6 2.c4 g6 3.Nc3 d5 4.cxd5 Nxd5 5.Qb3 Nb6 6.d4 Bg7 7.Bf4 O-O 8.e3 
Be6 9.Qa3 Nc6 10.Be2 Nd5 11.Nxd5 Bxd5 12.O-O Re8 13.Rfd1 e6 14.Rac1 Bf8 
15.Qa4 Bd6 16.Bg5 Qd7 17.Bf6 Be7 18.Bxe7 Rxe7 19.Bb5 Qd6 20.Nd2 f5 21.f3 
e5 22.e4 Nxd4 23.exd5 Qb6 24.Bc4 1-0

[Event "N1 Reykjavik Open 2014"]
[Site "Reykjavik, Iceland"]
[Date "2014.03.04"]
[Round "1.18"]
[White "Baldvinsson, Loftur"]
[Black "Gretarsson, Hjorvar Steinn"]
[Result "0-1"]
[WhiteElo "2007"]
[BlackElo "2511"]
[EventDate "2014.03.04"]
[PlyCount "46"]

1.e4 c5 2.Nf3 e6 3.d4 cxd4 4.Nxd4 Nc6 5.Nc3 Qc7 6.Be3 a6 7.Be2 Nf6 8.O-O 
Bb4 9.Nxc6 bxc6 10.Bf3 O-O 11.Ne2 d5 12.exd5 cxd5 13.Rc1 Rb8 14.g3 Bc5 15.
Bxc5 Qxc5 16.Rb1 e5 17.Qd2 Bf5 18.Rfc1 Rfc8 19.b4 Qc4 20.Rb2 d4 21.Qg5 Be4
22.Bxe4 Nxe4 23.Qg4 Nf6 0-1